Správny tovar na správne miesto
Merchandisingové pravidlá na prácu s predajnou plochou. Základné princípy umiestnenia tovaru v regále. Facing výrobkov. Záručné lehoty. Oceňovanie tovaru. Zoskupenie výrobkov podľa skupín.
Gespeichert in:
| Format: | Buchkapitel |
|---|---|
| Sprache: | Slowakisch |
| Schlagworte: | |
| Tags: |
Keine Tags, Fügen Sie das erste Tag hinzu!
|
MARC
| LEADER | 00000naa a2200000 4500 | ||
|---|---|---|---|
| 001 | r046512 | ||
| 005 | 20231002114448.7 | ||
| 041 | 0 | |a slo | |
| 044 | |a SK | ||
| 245 | 1 | 0 | |a Správny tovar na správne miesto |
| 520 | |a Merchandisingové pravidlá na prácu s predajnou plochou. Základné princípy umiestnenia tovaru v regále. Facing výrobkov. Záručné lehoty. Oceňovanie tovaru. Zoskupenie výrobkov podľa skupín. | ||
| 610 | 2 | 0 | |a merchandising |
| 610 | 2 | 0 | |a tovar |
| 610 | 2 | 0 | |a predajne |
| 610 | 2 | 0 | |a oceňovanie |
| 610 | 2 | 0 | |a podpora predaja |